000 01186cam a2200313 4500
008 000000n2003 000 0 eng u
020 _a0860175928
035 _a(Sirsi) u124312
041 _aeng
050 _a624.16
_c18
100 _aPerry, J.
245 _aInfrastructure embankments
_bcondition appraisal and remedial treatment
250 _a2nd ed.
260 _aLondon
_bCIRIA
_C2003
300 _a242p.
_bill.
_c30cm.
350 _a81
490 _aCIRIA Publication
_vC592
520 _aThis fully updated second edition provides infrastructure owners, designers, contractors and maintenance managers with guidance on the management, condition appraisal and repair of infrastructure embankments. Includes case studies demonstrating good practice. Glossary, references and various appendices.
650 _aEMBANKMENTS
650 _aGROUND ENGINEERING
650 _aInfrastructure
_96246
650 _aGEOTECHNICAL ENGINEERING
650 _aRAILWAY EMBANKMENTS
690 _aBUILDING AND CONSTRUCTION-ENGINEERING
700 _aPedley, M.
700 _aReid, M.
710 _aConstruction Industry Research and Information Association
_94810
942 _n0
999 _c103198
_d103198